Environmental health criteria; N.221: Zinc

שמור ב:
מידע ביבליוגרפי
מחבר ראשי: OMS
פורמט: ספר
שפה:Undetermined
יצא לאור: Geneva OMS 2001
נושאים:
תגים: הוספת תג
אין תגיות, היה/י הראשונ/ה לתייג את הרשומה!
Thư viện lưu trữ: Trung tâm Học liệu Trường Đại học Cần Thơ
LEADER 00502nam a2200181Ia 4500
001 CTU_54953
008 210402s9999 xx 000 0 und d
082 |a 363.7384 
082 |b O/68/E221 
100 |a OMS 
245 0 |a Environmental health criteria; N.221: Zinc 
245 0 |c OMS 
260 |a Geneva 
260 |b OMS 
260 |c 2001 
650 |a public health,environmental exposure,zinc,zinc 
650 |x toxicity,adverse effects 
980 |a Trung tâm Học liệu Trường Đại học Cần Thơ